MCAT physics (Record no. 32405)

MARC details
000 -LEADER
fixed length control field 00586nam a2200181Ia 4500
020 ## - INTERNATIONAL STANDARD BOOK NUMBER
ISBN 9781427798756
050 ## - CALL MARK
Classification number QC 32 .M453/
245 #0 - TITLE STATEMENT
Title MCAT physics
250 ## - EDITION / VOLUME STATEMENT
Edition / Volume statement 2009/2010
260 ## - PUBLICATION, DISTRIBUTION, ETC. (IMPRINT)
Place of publication New York
260 ## - PUBLICATION, DISTRIBUTION, ETC. (IMPRINT)
Name of publisher Kaplan
260 ## - PUBLICATION, DISTRIBUTION, ETC. (IMPRINT)
Year of publication 2009
300 ## - PHYSICAL DESCRIPTION
Number of Pages 406 p
650 ## - SUBJECT ADDED ENTRY--TOPICAL TERM
Topical Term Physics --Examinations, questions, etc. Medical College Admission Test --Study guides. Medical colleges --United States --Entrance examinations --Study guides. Medicine --Examinations, questions, etc.
942 ## - ADDED ENTRY ELEMENTS (KOHA)
Koha item type Books
Holdings
Withdrawn status Lost status Source of classification or shelving scheme Damaged status Not for loan Permanent Location Current Location Date acquired Accession Number Price effective from Koha item type
    Library of Congress Classification     NILE UNIVERSITY OF NIGERIA - MAIN LIBRARY NILE UNIVERSITY OF NIGERIA - MAIN LIBRARY 04/23/2025 0008082 04/23/2025 Books